Sistema de responsabilidad por daños causados o sufridos por niños o adolescentes (Registro nro. 25362)
[ vista simple ]
| 000 -LEADER | |
|---|---|
| fixed length control field | 00381 a2200109 4500 |
| 001 - CONTROL NUMBER | |
| control field | ART_34700 |
| 005 - DATE AND TIME OF LATEST TRANSACTION | |
| control field | 20260410161855.0 |
| 008 - FIXED-LENGTH DATA ELEMENTS--GENERAL INFORMATION | |
| fixed length control field | 260409a |
| 100 1# - MAIN ENTRY--PERSONAL NAME | |
| Personal name | Parellada, Carlos A. |
| 245 10 - TITLE STATEMENT | |
| Title | Sistema de responsabilidad por daños causados o sufridos por niños o adolescentes |
| 773 0# - HOST ITEM ENTRY | |
| Title | Derecho privado |
| Related parts | Educación - Año III, Nº 10 (mar. 2015) |
| Record control number | REV10455 |
No hay ítems disponibles.